000 00376nam a2200157Ia 4500
008 230605s1997 xx 000 0 und d
041 _aeng
100 _aJones / Newton
245 _aHospitality & Catering
250 _a1st
260 _bCassell – Wellington House pub.
_c1997
300 _a357p
520 _aHard Board
520 _aReference Copy
650 _aC.S.
999 _c420243
_d420243